Elenca la formazione - Quiz n°83 - Statistics

Statistiche generali
  • Questo quiz è stato fatto 72 volte
  • Il punteggio medio è 8 su 11
Statistiche sulle risposte
Ruolo Nazione Calciatore % Corretto
Portiere Italia Christian Abbiati
96%
Difensore Colombia Cristián Zapata
84%
Centrocampista Italia Riccardo Montolivo
81%
Centrocampista Ghana Sulley Muntari
79%
Difensore Italia Ignazio Abate
77%
Difensore Francia Philippe Mexes
72%
Attaccante Italia Mario Balotelli
63%
Attaccante Ghana Kevin Prince Boateng
58%
Difensore Italia Mattia De Sciglio
56%
Attaccante Italia Stephan El Shaarawy
54%
Centrocampista Italia Antonio Nocerino
35%
Nessun quiz corrispondente trovato
Distribuzione punteggi
Percentuale di utenti per punteggio
Percentile per numero di risposta
I tuoi punteggi nel tempo
Non hai fatto questo quiz